000 00321 a2200145 4500
001 195022
040 _cMagnum
100 _aRey, Marcos
240 1 0 _aO rapto do garoto de ouro
_lpor
245 1 0 _aO rapto do garoto de ouro
300 _a155
440 1 _aÁtica
697 _aLITERATURA INFANTO-JUVENIL
942 _cBK
999 _c195022
_d195022